Contabilidad Avanzada I/ (Registro nro. 8867)

Detalles MARC
000 -LEADER
fixed length control field 00861nam a2200205Ia 4500
005 - FECHA Y HORA DE LA ÚLTIMA TRANSACCIÓN
control field 20230814103517.0
008 - FIXED-LENGTH DATA ELEMENTS--GENERAL INFORMATION
fixed length control field 230809s9999 xx 000 0 und d
020 ## - INTERNATIONAL STANDARD BOOK NUMBER
International Standard Book Number 9789701072875
040 ## - CATALOGING SOURCE
Original cataloging agency UPAN
Transcribing agency Biblioteca San Vicente
Description conventions RCAA2
041 ## - LANGUAGE CODE
Language code of text/sound track or separate title spa
082 ## - DEWEY DECIMAL CLASSIFICATION NUMBER
Classification number 657
Item number R664p
año de publicación 2009
100 ## - MAIN ENTRY--PERSONAL NAME
Personal name Romero López Javier
Relator code aut.
245 #0 - TITLE STATEMENT
Title Contabilidad Avanzada I/
Remainder of title Javier Romero Lòpez
250 ## - EDITION STATEMENT
Edition statement 1º ed.
260 ## - PUBLICATION, DISTRIBUTION, ETC. (IMPRINT)
Place of publication, distribution, etc Mexico;
Name of publisher, distributor, etc Mc graw Hill,
Date of publication, distribution, etc 2009
300 ## - PHYSICAL DESCRIPTION
Extent 336 p.:
Dimensions 27 cm.
505 ## - FORMATTED CONTENTS NOTE
Formatted contents note Capitulo 1. Estado de flujos de efectivo NIF B-2 1<br/>Capitulo 2. Contabilidad total. Contabilidad base efectivo y base devengo aplicadas simultáneamente <br/>Capitulo 3. Efectos de la inflación NIF B-10 131 <br/>Capitulo 4. Costo actual 263<br/>Capitulo 5. Información financiera por segmentos 311
650 ## - SUBJECT ADDED ENTRY--TOPICAL TERM
Source of heading or term LEMB
General subdivision Contabilidad administrativa
942 ## - ADDED ENTRY ELEMENTS (KOHA)
Koha item type Libros
Source of classification or shelving scheme Dewey Decimal Classification
Existencias
Withdrawn status Lost status Source of classification or shelving scheme Damaged status Not for loan Collection code Home library Current library Date acquired Total Checkouts Full call number Barcode Date last seen Copy number Price effective from Koha item type
    Dewey Decimal Classification     Colección General Biblioteca UPAN San Vicente Biblioteca UPAN San Vicente 09/08/2023   657 R664p 12002936 09/08/2023 01 09/08/2023 Libros
    Dewey Decimal Classification     Colección General Biblioteca UPAN San Vicente Biblioteca UPAN San Vicente 09/08/2023   657 R664p 12002935 14/08/2023 02 09/08/2023 Libros
    Dewey Decimal Classification     Colección General Biblioteca UPAN San Vicente Biblioteca UPAN San Vicente 09/08/2023   657 R664p 12002937 14/08/2023 03 09/08/2023 Libros